A.O.I.-Inni, marce e canzoni della guerra d'Africa (Lp Sm 3377) (Record n. 99729)

Dettagli MARC
000 -LEADER
fixed length control field 03690njm a2200577Ia 4500
001 - CONTROL NUMBER
control field 23935
003 - CONTROL NUMBER IDENTIFIER
control field IT-RoPAU
005 - DATE AND TIME OF LATEST TRANSACTION
control field 20220918181120.0
008 - FIXED-LENGTH DATA ELEMENTS--GENERAL INFORMATION
fixed length control field 131025s9999 xx 000 0 und d
040 ## - CATALOGING SOURCE
Original cataloging agency IT-RoPAU
040 ## - CATALOGING SOURCE
Transcribing agency IT-RoPAU
041 ## - LANGUAGE CODE
Language code of text/sound track or separate title ITALIANO
999 ## - SYSTEM CONTROL NUMBERS (KOHA)
Koha Dewey Subclass [OBSOLETE] n.d.
100 ## - MAIN ENTRY--PERSONAL NAME
Personal name AA.VV.
9 (RLIN) 794
100 ## - MAIN ENTRY--PERSONAL NAME
Relator term Autore musica
9 (RLIN) 7682
100 ## - MAIN ENTRY--PERSONAL NAME
Miscellaneous information Codice autore musica SPICS: 12000
9 (RLIN) 796
245 ## - TITLE STATEMENT
Title A.O.I.-Inni, marce e canzoni della guerra d'Africa (Lp Sm 3377)
250 ## - EDITION STATEMENT
Edition statement 1a ed.
260 ## - PUBLICATION, DISTRIBUTION, ETC. (IMPRINT)
Place of publication, distribution, etc. ITALIA
260 ## - PUBLICATION, DISTRIBUTION, ETC. (IMPRINT)
Name of publisher, distributor, etc. SIGNAL RECORD
Date of publication, distribution, etc. 1970 [1a Ed.:1970]
300 ## - PHYSICAL DESCRIPTION
Extent DISCO
500 ## - GENERAL NOTE
General note Documenti del nostro tempo. Inni, marce e canzoni della guerra d'Africa. Musica popolare.
505 ## - FORMATTED CONTENTS NOTE
Formatted contents note Tripoli bel suol d'amore - Faccetta nera - Adua - Il ritorno del legionario - Il canto dei volontari d'Africa - Africanella - Africa nostra - La sagra di Giarabub - In Africa si va - Ti saluto e vado in Abissinia - Stornelli neri - C'era una volta il Negus - Ei fu - Povero Selassiè - O morettina
650 ## - SUBJECT ADDED ENTRY--TOPICAL TERM
Topical term or geographic name as entry element POPOLARE [DISCHI]
Relator term Codice MATERIA SPICS: 9950
9 (RLIN) 7683
700 ## - ADDED ENTRY--PERSONAL NAME
Personal name Arona C.
Dates associated with a name Codice autore musica SPICS: 14212
Relator term Autore musica
Name of part/section of a work Tripoli bel suol d'amore
9 (RLIN) 7684
700 ## - ADDED ENTRY--PERSONAL NAME
Personal name Corvetto G.
Dates associated with a name Codice autore SPICS: 14217
Relator term Autore
Name of part/section of a work Tripoli bel suol d'amore
9 (RLIN) 7685
700 ## - ADDED ENTRY--PERSONAL NAME
Personal name Ruccione Mario
Dates associated with a name Codice autore musica SPICS: 13479
Relator term Autore musica
Name of part/section of a work Faccetta nera - Africa nostra - La sagra di Giarabub
9 (RLIN) 7686
700 ## - ADDED ENTRY--PERSONAL NAME
Personal name Micheli Giuseppe
Dates associated with a name Codice autore SPICS: 13556
Relator term Autore
Name of part/section of a work Faccetta nera
9 (RLIN) 7687
700 ## - ADDED ENTRY--PERSONAL NAME
Personal name Pellegrino Francesco
Dates associated with a name Codice autore musica SPICS: 13551
Relator term Autore musica
Name of part/section of a work Il ritorno del legionario
9 (RLIN) 7688
700 ## - ADDED ENTRY--PERSONAL NAME
Personal name Ciavarra
Dates associated with a name Codice autore SPICS: 14218
Relator term Autore
Name of part/section of a work Il ritorno del legionario
9 (RLIN) 7689
700 ## - ADDED ENTRY--PERSONAL NAME
Personal name Boscoli
Dates associated with a name Codice autore musica SPICS: 14219
Relator term Autore musica
Name of part/section of a work Il canto dei volontari d'Africa
9 (RLIN) 7690
700 ## - ADDED ENTRY--PERSONAL NAME
Personal name Sandri Carlo
Dates associated with a name Codice autore SPICS: 13975
Relator term Autore
Name of part/section of a work Il canto dei volontari d'Africa
9 (RLIN) 7691
700 ## - ADDED ENTRY--PERSONAL NAME
Personal name Clausetti L.
Dates associated with a name Codice autore musica SPICS: 14220
Relator term Autore musica
Name of part/section of a work Africanella
9 (RLIN) 7692
700 ## - ADDED ENTRY--PERSONAL NAME
Personal name De Torres Ferrante Alvaro
Dates associated with a name Codice autore SPICS: 13636
Relator term Autore
Name of part/section of a work La sagra di Giarabub
9 (RLIN) 7693
700 ## - ADDED ENTRY--PERSONAL NAME
Personal name Simeoni Alberto
Dates associated with a name Codice autore testo/musica SPICS: 13563
Relator term Autore testo/musica
Name of part/section of a work La sagra di Giarabub
9 (RLIN) 7694
700 ## - ADDED ENTRY--PERSONAL NAME
Personal name Raimondo Giovanni
Dates associated with a name Codice autore musica SPICS: 13444
Relator term Autore musica
Name of part/section of a work In Africa si va
9 (RLIN) 7695
700 ## - ADDED ENTRY--PERSONAL NAME
Personal name Frati Enrico
Dates associated with a name Codice autore SPICS: 13443
Relator term Autore
Name of part/section of a work In Africa si va - C'era una volta il Negus
9 (RLIN) 7696
700 ## - ADDED ENTRY--PERSONAL NAME
Personal name Rossi Carlo Alberto (Cicero)
Dates associated with a name Codice autore musica SPICS: 13130
Relator term Autore musica
Name of part/section of a work Ti saluto e vado in Abissinia
9 (RLIN) 7697
700 ## - ADDED ENTRY--PERSONAL NAME
Personal name Tinchi
Dates associated with a name Codice autore SPICS: 14221
Relator term Autore
Name of part/section of a work Ti saluto e vado in Abissinia
9 (RLIN) 7698
700 ## - ADDED ENTRY--PERSONAL NAME
Personal name Casaroli
Dates associated with a name Codice autore musica SPICS: 14222
Relator term Autore musica
Name of part/section of a work Stornelli neri
9 (RLIN) 7699
700 ## - ADDED ENTRY--PERSONAL NAME
Personal name Gili
Dates associated with a name Codice autore SPICS: 14223
Relator term Autore
Name of part/section of a work Stornelli neri
9 (RLIN) 7700
700 ## - ADDED ENTRY--PERSONAL NAME
Personal name Marino A.
Dates associated with a name Codice autore testo/musica SPICS: 14224
Relator term Autore testo/musica
Name of part/section of a work Stornelli neri
9 (RLIN) 7701
700 ## - ADDED ENTRY--PERSONAL NAME
Personal name Rost
Dates associated with a name Codice autore SPICS: 14225
Relator term Autore
Name of part/section of a work C'era una volta il Negus
9 (RLIN) 7702
700 ## - ADDED ENTRY--PERSONAL NAME
Personal name Sciorilli Eros
Dates associated with a name Codice autore testo/musica SPICS: 13521
Relator term Autore testo/musica
Name of part/section of a work C'era una volta il Negus
9 (RLIN) 7703
700 ## - ADDED ENTRY--PERSONAL NAME
Personal name Olivieri Dino
Dates associated with a name Codice autore musica SPICS: 13481
Relator term Autore musica
Name of part/section of a work Ei fu
9 (RLIN) 7704
700 ## - ADDED ENTRY--PERSONAL NAME
Personal name Prestini
Dates associated with a name Codice autore SPICS: 14226
Relator term Autore
Name of part/section of a work Ei fu
9 (RLIN) 7705
700 ## - ADDED ENTRY--PERSONAL NAME
Personal name Simonetti I.
Dates associated with a name Codice autore musica SPICS: 14227
Relator term Autore musica
Name of part/section of a work Povero Selassiè
9 (RLIN) 7706
700 ## - ADDED ENTRY--PERSONAL NAME
Personal name Maggi A.
Dates associated with a name Codice autore SPICS: 14228
Relator term Autore
Name of part/section of a work Povero Selassiè
9 (RLIN) 7707
700 ## - ADDED ENTRY--PERSONAL NAME
Personal name Anonimo
Dates associated with a name Codice autore musica SPICS: 2620
Relator term Autore musica
Name of part/section of a work O morettina
9 (RLIN) 7708
942 ## - ADDED ENTRY ELEMENTS (KOHA)
Koha item type DISCHI
Source of classification or shelving scheme Dewey Decimal Classification
Dati di copia
Withdrawn status Lost status Damaged status Not for loan Home library Current library Date acquired Total Checkouts Full call number Date last seen Price effective from Koha item type Public note
    Buone Condizioni Not For Loan SPICS-MEDIATECA SPICS-MEDIATECA 25/10/2013   23935 25/10/2013 25/10/2013 DISCHI Progr. Ins.: 4782 / N.Vol.: 1 / Copie: 1 - Copia rara: n.d. / date import: 01.01.2014 - By Epidotti, Trombetti, Vaglietti
CREDITS: SOCIETA' SAN PAOLO Via A.Severo, 58 - ROMA (RM) & PERIODICI SAN PAOLO SRL Via Giotto, 36 MILANO & CISF Via Giotto, 36 MILANO & EDIZIONI SAN PAOLO SRL,  Piazza Soncino, 5 CINISELLO BALSAMO (MI) -- ITALY